LEADER 00493naa a2200133 i 4500 001 000000322613 003 CaOOAMICUS 005 20180831173408.0 008 180831n it u000 u ita u 013 $a32929 040 $aSeMil$bita 245 10$aDecidere e giudicare nella Chiesa. 773 0 $tDecidere e giudicare nella Chiesa.$dCittą del Vaticano : LUP, Lateran University Press, 2012.$z978-88-465-0825-6$gp.13-78$w()224895 996 $6245$aDecidere e giudicare nella Chiesa$9(OLS)http://semarc/title/396093 LEADER 00508nas a2200169 i 4500 001 000000194788 003 CaOOAMICUS 005 20101125000000.0 008 101125b1922 it uu u0 0ita r 013 $a173449 040 $aSeMil$bita 245 10$a1922 :$b[2]. 774 0 $t[Luglio-Dicembre].$w()274188 850 $aSeMil 852 $aSeMil$W1$xVenegono$y1$m111 4 23$j145357$B145357$CSeMilBibl$Z2$F156955 $82 961 $aRecupero: Scuola Cattolica 996 $6245$a1922 :$b[2]$9(OLS)http://semarc/title/280916